Joint opinion /
Gardado en:
| Autor Principal: | |
|---|---|
| Outros autores: | |
| Formato: | Texto |
| Publicado: |
Belmopan:
Government Printery
|
| Etiquetas: |
Engadir etiqueta
Sen Etiquetas, Sexa o primeiro en etiquetar este rexistro!
|
MARC
| LEADER | 00000 a a2200000 04500 | ||
|---|---|---|---|
| 001 | 20854 | ||
| 003 | |||
| 040 | |a CRAI/IIS |c CRAI/IIS | ||
| 090 | |a 089200 | ||
| 100 | |a Lauterpacht, E. | ||
| 245 | |a Joint opinion / |c E. Lauterpacht | ||
| 260 | |a Belmopan: |b Government Printery | ||
| 300 | |a 50 p. | ||
| 700 | |a Bowett, W. | ||
| 999 | |c 14818 |d 14818 | ||
